Revolution und Gegenrevolution 1789-1830 : Zur Geistigen Auseinandersetzung in Frankreich und Deutschland.

Bibliographic Details
Main Author: Dufraisse, Roger.
Other Authors: Müller-Luckner, Elisabeth.
Format: eBook
Language:German
Published: Berlin/München/Boston : Walter de Gruyter GmbH, 1991.
Edition:1st ed.
Series:Schriften des Historischen Kollegs Series
Subjects:
Online Access:Click to View
LEADER 01703nam a22003973i 4500
001 EBC7015000
003 MiAaPQ
005 20231204023225.0
006 m o d |
007 cr cnu||||||||
008 231204s1991 xx o ||||0 ger d
020 |a 9783486595635  |q (electronic bk.) 
020 |z 9783486558449 
035 |a (MiAaPQ)EBC7015000 
035 |a (Au-PeEL)EBL7015000 
035 |a (OCoLC)1126118918 
040 |a MiAaPQ  |b eng  |e rda  |e pn  |c MiAaPQ  |d MiAaPQ 
082 0 |a 944.04 
100 1 |a Dufraisse, Roger. 
245 1 0 |a Revolution und Gegenrevolution 1789-1830 :  |b Zur Geistigen Auseinandersetzung in Frankreich und Deutschland. 
250 |a 1st ed. 
264 1 |a Berlin/München/Boston :  |b Walter de Gruyter GmbH,  |c 1991. 
264 4 |c {copy}1991. 
300 |a 1 online resource (304 pages) 
336 |a text  |b txt  |2 rdacontent 
337 |a computer  |b c  |2 rdamedia 
338 |a online resource  |b cr  |2 rdacarrier 
490 1 |a Schriften des Historischen Kollegs Series ;  |v v.19 
588 |a Description based on publisher supplied metadata and other sources. 
590 |a Electronic reproduction. Ann Arbor, Michigan : ProQuest Ebook Central, 2023. Available via World Wide Web. Access may be limited to ProQuest Ebook Central affiliated libraries.  
655 4 |a Electronic books. 
700 1 |a Müller-Luckner, Elisabeth. 
776 0 8 |i Print version:  |a Dufraisse, Roger  |t Revolution und Gegenrevolution 1789-1830  |d Berlin/München/Boston : Walter de Gruyter GmbH,c1991  |z 9783486558449 
797 2 |a ProQuest (Firm) 
830 0 |a Schriften des Historischen Kollegs Series 
856 4 0 |u https://ebookcentral.proquest.com/lib/matrademy/detail.action?docID=7015000  |z Click to View